| 000 | 00773nam a2200241 i 4500 | ||
|---|---|---|---|
| 001 | 113492 | ||
| 003 | ES-MaACL | ||
| 005 | 20230906185919.0 | ||
| 007 | t| | ||
| 008 | 061121s1985 sp d |||| | spa d | ||
| 020 | _a84-7153-192-5 | ||
| 100 | 1 |
_aPabón, José Manuel. _988100 |
|
| 245 | 1 | 0 |
_aDiccionario manual griego-español / _cpor José M. Pabón S. de Urbina ; con un apéndice gramatical por Manuel Fernández Galianao. |
| 250 | _a17ª ed. | ||
| 260 |
_aBarcelona : _bBiblograf, _c1985. |
||
| 300 |
_aXVI, 711 p. ; _c20 cm. |
||
| 490 | 1 | _aVox | |
| 650 | 0 | 4 |
_aLengua griega- _vDiccionarios- _xEspañol. _914242 |
| 700 | 1 |
_aFernández-Galiano, Manuel ( _d1918-1988) _9150962 |
|
| 830 | 0 |
_aVox _9182574 |
|
| 852 |
_aES-MaACL _jL-9302 |
||
| 999 |
_c113492 _d113492 |
||